000
00313 a2200157 4500
001
179344
020
_a
040
_c
Magnum
100
_a
Belinky, Tatiana
240
1
0
_a
Cacoliques
_l
por
245
1
0
_a
Cacoliques
362
0
_a
1899
440
1
_a
Melhoramentos
697
_a
MAGNITO: I/POESIA
942
_c
BK
999
_c
179344
_d
179344